Archivácia údajov z výrobnej linky

Gespeichert in:
Bibliographische Detailangaben
1. Verfasser: Vogel, Tomáš (Verfasst von)
Weitere Verfasser: Juhásová, Bohuslava (Betreuung Doktorarbeit)
Format: Manuskript Buch
Sprache:Slowakisch
Veröffentlicht: 2021
Schlagworte:
Online-Zugang:http://is.stuba.sk/zp/portal_zp.pl?podrobnosti=160118
Tags: Tag hinzufügen
Keine Tags, Fügen Sie das erste Tag hinzu!

MARC

LEADER 00000ntm a22000003a 4500
001 stuzp78194
003 SK-STU
005 20210918210227.6
007 ta
008 150427s2015----xo-----f-mn---000-0-slo-d
040 |a STU  |b slo 
041 0 |a slo 
100 1 |a Vogel, Tomáš  |u 066000  |4 aut  |U MTF Materiálovotechnologická fakulta  |T MTF Ústav aplikovanej informatiky, automatizácie a mechatroniky  |X 17006  |U M6000  |Y 86  |7 17006 
242 0 1 |a Production line data archiver  |y eng 
245 1 0 |a Archivácia údajov z výrobnej linky 
260 |c 2021 
650 4 |a Snap7  |2 slo 
650 4 |a C#  |2 slo 
650 4 |a PLC  |2 slo 
650 4 |a MySQL  |2 slo 
650 4 |a Step7  |2 slo 
650 4 |a Snap7  |2 eng 
650 4 |a C#  |2 eng 
650 4 |a MySQL  |2 eng 
650 4 |a PLC  |2 eng 
650 4 |a Step7  |2 eng 
700 1 |a Juhásová, Bohuslava  |u 066000  |k Z1  |4 ths  |U MTF Materiálovotechnologická fakulta  |T MTF Ústav aplikovanej informatiky, automatizácie a mechatroniky  |X 201  |U M6000  |Y 86  |7 A000000201 
856 4 |u http://is.stuba.sk/zp/portal_zp.pl?podrobnosti=160118 
996 |c M* BP-9260  |l MMSKP  |s P  |a 0  |w stuzp78194_0001